| 000 | 00000nam##2200000za#4500 |
| 001 | 9.681235 |
| 003 | CaOODSP |
| 005 | 20240209132638 |
| 007 | ta |
| 008 | 150407|1998||||xxc||||| f|0| 0 fre|d |
| 020 | |a0-662-84977-9 |
| 040 | |aCaOODSP|bfre |
| 043 | |an-cn--- |
| 086 | 1 |aC89-4/75-1998F |
| 110 | 2 |aAgence de promotion économique du Canada atlantique. |
| 245 | 10|aÉtude du marché des intermédiaires financiers au Canada atlantique : |brapport de projet / |cPréparé sous la direction de Eric Schibler et Robin McAdam. |
| 260 | |aHalifax - Nouvelle-Écosse : |bAgence de promotion économique du Canada atlantique |c1998. |
| 300 | |aii, 69p. : |bgraphiques, tableaux ; |c28 cm. |
| 500 | |aComprend un appendice. |
| 563 | |aCouverture souple |
| 590 | |a00-42|b2000-10-20 |
| 691 | 07|aPetite entreprise|2gcpds |
| 691 | 07|aEntrepreneuriat|2gcpds |
| 691 | 07|aInvestissement|2gcpds |
| 691 | 07|aFinancement|2gcpds |
| 720 | 1 |aSchibler, Eric |
| 720 | 1 |aMcAdam, Robin |
| 775 | 08|tStudy of the financial intermediary market in Atlantic Canada : |w(CaOODSP)9.647856 |
| 776 | 0#|tÉtude du marché des intermédiaires financiers au Canada atlantique : |w(CaOODSP)9.639453 |